000 00615nam a2200181 a 4500
001 000035487
005 20200930074359.0
008 111102s1999 ag 000 0 spa d
020 _a9507396756
040 _aDO-SdBNP
_bspa
_cBNPHU
082 _axxx
_bB927
245 0 0 _aBuda :
_bLas cuatro nobles verdades y otras enseñanzas budistas /
_cintroducción, selección y explicaciones Roberto Curto.
260 _aBuenos Aires, Argentina :
_bLongseller,
_c1999.
300 _a123 p. :
_b16 cm.
490 1 _aClásicos de bolsillo
700 1 _aCurto, Roberto,
_eintrod.
_961365
830 0 _aClásicos de bolsillo
_961366
999 _c34978
_d34978